000 00248nam a2200097Ia 4500
005 20251222114348.0
008 251222s1900||||xx |||||||||||||| ||spa||
082 _aDVD0070/M18/1999
245 0 _aEl color del paraĆ­so:The color of paradise
942 _cDVD
999 _c1115
_d1115